| 000 | 00560nam a2200181Ia 4500 | ||
|---|---|---|---|
| 999 |
_c14921 _d14921 |
||
| 003 | OSt | ||
| 005 | 20201016122510.0 | ||
| 008 | 190216s9999||||xx |||||||||||||| ||und|| | ||
| 020 | _a9780761904328 | ||
| 040 | _coclc | ||
| 082 |
_a362.88082 _bCOO/W |
||
| 100 |
_aCook, Sandy _95797 |
||
| 245 | 0 |
_aWomen Encounders With Violence Australian Experiences / _cSandy Cook ; Judith Bessant |
|
| 260 |
_bSage Publications, _c1997. _aNew Delhi: |
||
| 300 | _a268p | ||
| 650 | _aFeminism | ||
| 942 |
_cBK _2ddc _h362.88082 _iCOO/W _k362.88082 _mCOO/W |
||